Termodinámica
Na minha lista:
| Autor principal: | |
|---|---|
| Formato: | Livro |
| Idioma: | espanhol |
| Publicado em: |
Ciudad de México
Prentice-Hall Hispanoamericana
1988
|
| Assuntos: | |
| Tags: |
Adicionar Tag
Sem tags, seja o primeiro a adicionar uma tag!
|
MARC
| LEADER | 00000nam a2200000 a 4500 | ||
|---|---|---|---|
| 001 | UCW1928 | ||
| 003 | CL-VaPUC | ||
| 008 | 890410e19880000MX |||||||||||||||||spa|d | ||
| 082 | 0 | 4 | |a 536.7 |b GRA |2 21 |
| 100 | 0 | |a Granet, Irving |e author |9 305925 | |
| 245 | 1 | 0 | |a Termodinámica |
| 300 | |a 752 p | ||
| 942 | |c BK | ||
| 945 | |d 19890410 00:00:00 | ||
| 260 | |a Ciudad de México |b Prentice-Hall Hispanoamericana |c 1988 | ||
| 650 | 0 | |a Termodinámica |9 259320 | |
| 583 | |a last modification |c 19890410 00:00:00 |k Rodrigo Vera | ||
| 999 | |c 216646 |d 216644 | ||